Sacramento Kings 40 Point Games - Statistics

General Stats
  • This quiz has been taken 169 times
    56 since last reset
  • The average score is 11 of 31
Answer Stats
Player Max Nb % Correct
De'Aaron Fox 60 16
98%
Chris Webber 51 4
84%
DeMarcus Cousins 56 9
84%
Oscar Robertson 56 77
84%
Peja Stojaković 41 1
76%
Mitch Richmond 47 6
66%
DeMar DeRozan 42 2
60%
Walt Williams 40 1
56%
Zach LaVine 43 3
56%
Mike Bibby 44 5
54%
Malik Monk 45 1
52%
Keegan Murray 47 1
44%
Buddy Hield 42 2
36%
Jerry Lucas 41 1
36%
Tiny Archibald 55 37
36%
Eddie Johnson 40 2
32%
Jack Twyman 59 16
24%
Kevin Martin 50 6
20%
Otis Birdsong 49 2
18%
Rudy Gay 41 2
18%
Corliss Williamson 40 1
8%
Lionel Simmons 42 1
8%
Marcus Thornton 42 2
8%
Wayman Tisdale 40 3
8%
Scott Wedman 45 2
6%
Mike Woodson 48 1
4%
Antoine Carr 41 1
2%
Danny Ainge 45 1
2%
Tom Van Arsdale 44 4
2%
Connie Dierking 45 3
0%
Ron Boone 43 2
0%
No matching quizzes found
Score Distribution
Percent of People with Each Score
Percentile by Number Answered
Your Score History
You have not taken this quiz since the last reset